| 000 | 00000nam 2200000za 4500 |
| 001 | 9.843436 |
| 003 | CaOODSP |
| 005 | 20221107152525 |
| 007 | cr ||||||||||| |
| 008 | 170913q2008 xxcd |o f|0| 0 eng d |
| 040 | |aCaOODSP|beng |
| 043 | |an-cn--- |
| 086 | 1 |aCR22-105/2008E-PDF |
| 110 | 2 |aCanada Research Chairs. |
| 245 | 10|aCanada Research Chairs |h[electronic resource] : |bprogress report : April 2006 to March 2007. |
| 246 | 37|aProgress Report 2006-07 |
| 260 | |a[Ottawa] : |bCanada Research Chairs, |c[2008] |
| 300 | |a24 p. : |bcharts. |
| 500 | |aIssued also in French under title: Chaires de recherches du Canada : rapport d'étape : avril 2006 à mars 2007. |
| 520 | |a"The Canada Research Chairs Program, a permanent program created in 2000, seeks to make Canada a research leader in the competitive environment of the global knowledge-based economy. It is at the centre of a national strategy intended to strengthen Canada’s long and proud tradition of research excellence and to offset “brain drain” pressures. The Government of Canada is allocating $300 million a year for the establishment of research professorships—known as Canada Research Chairs—in Canadian universities. As of March 31, 2007, more than $1.7 billion has been invested in the program"--Program context and objectives, p. 7. |
| 692 | 07|2gccst|aResearch chairs |
| 692 | 07|2gccst|aProgress reports |
| 710 | 2 |aSocial Sciences and Humanities Research Council of Canada. |
| 775 | 08|tChaires de recherches du Canada |w(CaOODSP)9.843573 |
| 856 | 40|qPDF|s451 KB|uhttps://publications.gc.ca/collections/collection_2017/crsh-sshrc/CR22-105-2008-eng.pdf |